000 01317cam a22003737a 4500
003 CHAP
005 20220817043643.0
008 000404d1996 us r 00110 spa d
010 _a80686
011 _a81658
020 _a0827031254
035 _a92133
040 _cCHAP
082 0 4 _a378
_bS37 1996
100 0 0 _aSaravia, Enrique.
_9102617
245 1 4 _aLos sistemas de educación superior en los países del Mercosur
_belementos fundamentales y bases para su integración
_c/por OEA
250 _a2 ed.
260 _aWashington :
_bOrganización de los Estados Americanos,
_c1996.
300 _a60 h. :
_bcuadros
410 2 _aOrganización de los Estados Americanos
490 0 _aINTERAMER. Serie educativa
_v; 21
590 _aBATCH-UPD
_b10
_c20130110
_lUCH01
_h0424
590 _aBATCH-UPD
_b10
_c20130110
_lUCH01
_h2258
590 _aBATCH-UPD
_b10
_c20130410
_lUCH01
_h0058
590 _aBATCH-UPD
_b10
_c20130914
_lUCH01
_h1246
590 _aCONVERSION
_b10
_c20130109
_lUCH01
_h1345
650 1 4 _aEducación superior
_xAmérica Latina.
_935605
810 2 _aOrganización de los Estados Americanos
830 0 0 _aINTERAMER. Serie educativa
_v; 21
_959514
901 _aBK
905 _aGuadalupe Pinto C.
942 _cLIBRO
949 _a378 S37 1996
_bBC
_cLIBRO
_d33724000757142
_eLIBRO
_h96923
_i92133
_sb
999 _c80686
_d80686